Les Films avec Scarlett Johansson - Statistiques

Statistiques générales
  • Ce quiz a été pris 115 fois
  • Le résultat moyen est 11 sur 23
Statistiques - réponses
Rôles Films % Correct
Une étudiante qui voit ses capacités intellectuelles développées à l'infini Lucy
90%
Une super héroïne sans pouvoir d'origine russe ,très entraînée au combat Black Widow
86%
Une Américaine venue en Angleterre épouser un riche anglais et qui tombe amoureuse d'un prof de Tennis Match Point
62%
La maman d'un jeune garçon allemand qui a Hitler comme ami imaginaire Jojo Rabbit
57%
Une jeune épouse délaissée par son mari et qui trouve à Tokyo un réconfort en la personne d'un vieil acteur Lost in translation
57%
Un système d'exploitation doté d'intelligence artificielle dont un humain va tomber amoureux Her
51%
Une assistante auprès de deux magiciens qui se font la guerre Le Prestige
51%
Une actrice qui se sépare de son metteur en scène de mari Marriage story
51%
Une fillette amputée qui est traumatisée par les chevaux L'homme qui murmurait à l'oreille des chevaux
50%
Une Américaine en Espagne qui tombe amoureuse d'un peintre et son ex-femme cinglée Vicky Cristina Barcelona
46%
Une servante dans la maison du peintre Vermeer La jeune fille à la perle
45%
Une extraterrestre arrivée sur Terre pour séduire les hommes et les faire disparaître Under the skin
45%
Une jeune fille romantique qui tombe amoureuse d'un accro aux films pornos Don Jon
43%
Une gardienne de zoo qui aide un papa célibataire à remettre le parc d'appoint Nouveau Départ
43%
Mary Bolen, maîtresse du roi d'Angleterre Henry VIII Deux soeurs pour un roi
40%
Une major dans un corps synthétique aux qualités cybernétiques et qui a oublié son passé Ghost in the Shell
39%
Le produit d'une colonie souterraine étroitement surveillée The Island
37%
Une célibataire qui part avec un groupe de copine en Floride et tue un stripteaseur Pire soirée
33%
Une étudiante en journalisme aidé par un fantôme dans une enquête sur le tueur au tarot Scoop
33%
Une jeune femme qui devient nounou dans une famille riche de Manhattan Le journal d'une baby-sitter
26%
Janet Leigh Hitchcock
24%
La fille d'un concierge qui aide un groupe à voler les tests d'examen pour l'université Les notes parfaites
21%
Une jeune fille qui revient en Louisiane après la mort de sa mère et qui trouve deux intrus dans la maison de la défunte Love Song
19%
Aucun quiz correspondant
Distribution des résultats
% des personnes avec chaque résultat
Percentile par nombre de réponses
Votre historique - résultats
Vous n’avez pas pris ce quiz